| Tag |
First Indicator |
Second Indicator |
Subfields |
| LEADER |
00000cam a2200000 4500 |
| 001 |
in00001000049 |
| 005 |
20150927183326.0 |
| 008 |
750922s1875 nyuabf 00000 eng d |
| 010 |
|
|
|a war10000091
|
| 035 |
|
|
|a (OCoLC)01647683
|
| 035 |
|
|
|9 AEZ4964AM
|
| 040 |
|
|
|a FBA
|c FBA
|d m.c.
|d OCL
|d m/c
|d TXA
|d UtOrBLW
|
| 049 |
|
|
|a TXA1 [MIL]
|
| 050 |
0 |
0 |
|a UA31 2d
|b .R62 1975
|
| 092 |
|
|
|a F973.571
|b R687
|
| 100 |
1 |
|
|a Rodenbough, Theophilus F.
|q (Theophilus Francis),
|d 1838-1912,
|e compiler.
|
| 245 |
1 |
0 |
|a From everglade to cañon with the second dragoons, (second United States cavalry) ;
|b an authentic account of service in Florida, Mexico, Virginia, and the Indian country, including the personal recollections of prominent officers /
|c with an appendix containing orders, reports and correspondence, military records, etc., etc., 1836-1875, Compiled by Theo. F. Rodenbough ...
|
| 264 |
|
1 |
|a New York :
|b D. VanNostrand,
|c 1875.
|
| 300 |
|
|
|a 561 pages :
|b color frontispiece, illustrations, plates (part color) 2 folded maps. ;
|c 25 cm.
|
| 336 |
|
|
|a text
|b txt
|2 rdacontent
|
| 337 |
|
|
|a unmediated
|b n
|2 rdamedia
|
| 338 |
|
|
|a volume
|b nc
|2 rdacarrier
|
| 610 |
1 |
0 |
|a United States.
|b Army.
|b Cavalry Regiment, 2nd.
|
| 651 |
|
0 |
|a United States
|x History, Military.
|
| 999 |
|
|
|a MARS
|
| 999 |
f |
f |
|s ce573038-f43c-3860-8cc3-46e2e31bb389
|i 64a27fb3-b5d1-321e-aa71-ef2ab6334ac4
|t 0
|
| 952 |
f |
f |
|p noncirc
|a Texas A&M University
|b College Station
|c Cushing Memorial Library & Archives
|d Cushing: Ragan Military (Does not check out)
|t 0
|e UA31 2d .R62 1975
|h Library of Congress classification
|i unmediated -- volume
|
| 998 |
f |
f |
|a UA31 2d .R62 1975
|t 0
|l Cushing: Ragan Military (Does not check out)
|